ពស់ថ្លាន់ក្អែពិស : (Record no. 8988)
[ view plain ]
| 000 -LEADER | |
|---|---|
| fixed length control field | 03366nam a22003257a 4500 |
| 001 - CONTROL NUMBER | |
| control field | 8988 |
| 003 - CONTROL NUMBER IDENTIFIER | |
| control field | FISKH |
| 005 - DATE AND TIME OF LATEST TRANSACTION | |
| control field | 20251112163718.0 |
| 008 - FIXED-LENGTH DATA ELEMENTS--GENERAL INFORMATION | |
| fixed length control field | 251112b cb ||||| |||| 00| 0 eng d |
| 020 ## - INTERNATIONAL STANDARD BOOK NUMBER | |
| International Standard Book Number | 9789995088842 |
| 040 ## - CATALOGING SOURCE | |
| Original cataloging agency | FISKH |
| Language of cataloging | khr |
| Transcribing agency | FISKH |
| Modifying agency | FISKH |
| 050 ## - LIBRARY OF CONGRESS CALL NUMBER | |
| Classification number | PZ7 |
| 082 ## - DEWEY DECIMAL CLASSIFICATION NUMBER | |
| Classification number | 398.22 |
| 100 ## - MAIN ENTRY--PERSONAL NAME | |
| Personal name | Sotheary, Kimsun |
| 245 ## - TITLE STATEMENT | |
| Title | ពស់ថ្លាន់ក្អែពិស : |
| Remainder of title | Phython belching out venom / |
| Statement of responsibility, etc. | រៀបរៀងដោយ អ្នកស្រី គឹមស៊ុន សុធារី |
| 260 ## - PUBLICATION, DISTRIBUTION, ETC. | |
| Place of publication, distribution, etc. | Phnom Penh : |
| Name of publisher, distributor, etc. | Reading Books, |
| Date of publication, distribution, etc. | 2007. |
| 300 ## - PHYSICAL DESCRIPTION | |
| Extent | 20 pages : |
| Other physical details | color illustrations ; |
| Dimensions | 25 cm . |
| 490 ## - SERIES STATEMENT | |
| Series statement | ពិភពរឿងនិទាន |
| 505 ## - FORMATTED CONTENTS NOTE | |
| Formatted contents note | K <br/> |
| 520 ## - SUMMARY, ETC. | |
| Summary, etc. | មានប្តីប្រពន្ធទើបរៀបការថ្មីថ្មោង ពួកគេបាននាំគ្នាទៅលេងផ្ទះឳពុកម្តាយនៅភូមិមួយទៀត ។ ពេលនោះក៏មាន ពស់ថ្លាន់មួយក្បាលមកលិឍដានជើងនោះដើម្បីបញ្ជាក់ពីអំនាចរបស់ខ្លួន ។ ដោយសារតែអំនាចនោះប្តីប្រពន្ធក៏ស្លាប់ ហើយឳពុកម្តាយក៏ធ្វើបុណ្យតាមប្រពៃណី ។ ពស់ថ្លាន់ក៏សួរទៅកាន់ក្អែកថាហេតុអ្វីបានជាមានមនុស្សអ៊ូអរនៅក្នុងភូមិ ? ក្អែកក៏គុហកថាពួកគេកំពុងសប្បាយ ព្រោះពួកគេធ្លាប់ដឹងថាពិសបងថ្លាន់ឯងពូកែគ្រាន់តែលិឍដានជើងមនុស្សក៏សា្លប់ដែរ តែម្តងនេះមិនស្លាប់ទើបគេសប្បាយចិត្ត ។ ដោយចាញ់កលក្អែក ពស់ថ្លាន់ក៏ក្អែពិសចោល ហើយក៏លែងមានអំនាចតទៅទៀត ។ |
| 520 ## - SUMMARY, ETC. | |
| Summary, etc. | A newlywed couple went to visit the husband’s parents in another village. At that time, a venomous snake came and trailed along their path to demonstrate its power. Because of the snake’s power, both the husband and wife died, and the parents performed the traditional funeral rites.<br/>The venomous snake then asked the serpent why there were so many people in the village. The serpent explained that the villagers were celebrating, because they had known that the venomous snake was so powerful that even just touching a person with its body could kill them. But this time, no one died, so the villagers were rejoicing.<br/>Defeated by the serpent, the venomous snake gave up its venomous power, and from that point onward, it no longer possessed its deadly strength. |
| 521 8# - TARGET AUDIENCE NOTE | |
| Target audience note | 510 <br/> |
| Source | Lexile estimate <br/> |
| 521 8# - TARGET AUDIENCE NOTE | |
| Target audience note | K <br/> |
| Source | Raz-Plus <br/> |
| 650 ## - SUBJECT ADDED ENTRY--TOPICAL TERM | |
| Topical term or geographic name entry element | ពស់ថ្លាន់ក្អែរពិស |
| Form subdivision | រឿងនិទានកុមារ |
| 650 ## - SUBJECT ADDED ENTRY--TOPICAL TERM | |
| Topical term or geographic name entry element | Python belching out venom |
| Form subdivision | Children's Stories |
| 700 ## - ADDED ENTRY--PERSONAL NAME | |
| Personal name | Rotha, Ouk |
| Relator term | Illustrator |
| 700 ## - ADDED ENTRY--PERSONAL NAME | |
| Personal name | Visot, Seng |
| Relator term | Illustrator |
| 942 ## - ADDED ENTRY ELEMENTS (KOHA) | |
| Source of classification or shelving scheme | Dewey Decimal Classification |
| Koha item type | Khmer Books |
| Suppress in OPAC | No |
| Withdrawn status | Lost status | Source of classification or shelving scheme | Damaged status | Not for loan | Collection | Home library | Current library | Shelving location | Date acquired | Total Checkouts | Full call number | Barcode | Date last seen | Copy number | Price effective from | Koha item type |
|---|---|---|---|---|---|---|---|---|---|---|---|---|---|---|---|---|
| Dewey Decimal Classification | Khmer-English Bilingual / ភាសាខ្មែរ-អង់គ្លេស | Footprints International School Library Network Toul Tom Poung Campus | Footprints International School Library Network Toul Tom Poung Campus | TTP Primary Khmer Bookshelves | 11/12/2025 | KIM PZ7 398.22 | FIS04479 | 11/12/2025 | 1 | 11/12/2025 | Khmer Books | |||||
| Dewey Decimal Classification | Khmer-English Bilingual / ភាសាខ្មែរ-អង់គ្លេស | Footprints International School Library Network Toul Tom Poung Campus | Footprints International School Library Network Toul Tom Poung Campus | TTP Primary Khmer Bookshelves | 11/12/2025 | KIM PZ7 398.22 | FIS04475 | 11/12/2025 | 2 | 11/12/2025 | Khmer Books | |||||
| Dewey Decimal Classification | Khmer-English Bilingual / ភាសាខ្មែរ-អង់គ្លេស | Footprints International School Library Network Toul Tom Poung Campus | Footprints International School Library Network Toul Tom Poung Campus | TTP Primary Khmer Bookshelves | 04/09/2026 | KIM PZ7 398.22 | 2026-0498 | 04/09/2026 | 3 | 04/09/2026 | Khmer Books |
